000 01080cam a2200349Ma 4500
001 99193
005 20230410120719.0
008 090109s2008 fr a b 000 0 fre d
010 _a 2009382801
035 _a(OCoLC)ocn429503842
040 _aLVB
_bfre
_cLVB
_dBDF
_dCHRRO
020 _a9782711711925
020 _a2711711927
029 1 _aZWZ
_b129613312
029 1 _aCHRRO
_bR004867307
035 _a(OCoLC)429503842
043 _ae-fr---
050 1 4 _aHQ799.2.M35
_bC825j 2008
082 1 _a302.230 83
_222
245 0 4 _aLes jeunes et les medias :
_bles raisons du succáes /
_couvrage dirige par Laurence Corroy.
260 _aParis :
_bVuibert,
_cc2008.
300 _a266 p. :
_bill. ;
_c24 cm.
490 0 _aComprendre les medias,
_x1776-3630
504 _aBibliogr.: p. 259-263.
650 6 _aMedias et jeunesse
_zFrance.
650 7 _aMedias
_xJeunes publics
_zFrance
_y1990-....
_2ram
650 7 _acommunication de masse
_xjeune
_zFrance
_v[etudes diverses]
_2rero
700 1 _aCorroy, Laurence.
942 _2lcc
_cbk
994 _aC0
_bDRFGD
946 _anc
999 _c50415
_d50415